| 000 | 00378nam a2200145Ia 4500 | ||
|---|---|---|---|
| 008 | 230917s9999||||xx |||||||||||||| ||und|| | ||
| 040 |
_e78775 _aMAIN |
||
| 041 | _aEnglish | ||
| 082 | _a327 M969I | ||
| 100 | _aMurthy, B S | ||
| 245 | 0 | _aInternational relations and organisation for law students | |
| 260 |
_aLucknow _bEastern Book _c1991 |
||
| 300 | _axx, 284 p. | ||
| 942 | _cBK | ||
| 999 |
_c71101 _d71101 |
||